000 00699nab a2200205 4500
001 244442
003 OSt
005 20260126140603.0
007 tu
008 260126s2020|||||||
040 _aDE-2950
_cDE-2950
245 0 0 _aNeuer Leiter, neue Impulse
_bPersonal. An der Sportschule hat Paul Schröter das Ruder übernommen. Der 36-Jährige will Digitalisierung und selbständiges Lernen vorantreiben, ohne Bewährtes umzuschmeißen/
_cLisa Larossa
264 _c2025
653 _aFrankfurt (Oder)
653 _aSportschule
653 _aDirektor
653 _aPaul Schröter
773 0 _g37. Jahrgang (2026) Nr. 18 vom 22.01.2026 , S. 13 mit Foto
_tMärkische Oderzeitung
942 _2z
_cA
999 _c374218
_d374218